000 00614nam a22001817a 4500
999 _c18520
_d18520
003 AR-CdUCM
008 190514b ||||| |||| 00| 0 spa d
040 _aMUNICIPALIDAD PROVINCIAL DEL CUSCO
_cBIBLIOTECA MUNICIPAL DEL CUSCO
082 _a345.2 /
_bM43
100 _aMercader, Amilcar
_939153
245 _aEl tercero en el proceso /
260 _aArgentina :
_bAbeledo-Perrot
_c1960.
300 _a101 páginas ;
_c19 cm.
505 _aPreluciones -- Unidad del orden jurídico -- El tercero y el proceso -- Rectificaciones conceptuales --
650 _aDerecho.
_9739
942 _2ddc
_cLIBROS
945 _awfj